[Event "GER-ch U25 op-C"]
[Site "Willingen"]
[Date "2024.05.23"]
[Round "7"]
[White "Classen, Miguel"]
[Black "Classen, Marnin"]
[Result "1/2-1/2"]
[WhiteElo "1519"]
[BlackElo "1654"]
[PlyCount "67"]
[EventDate "2024.05.19"]
[EventType "swiss"]
[EventRounds "9"]
[EventCountry "GER"]
[SourceTitle "EXT 2025"]
[Source "ChessBase"]
[SourceDate "2024.10.14"]
[SourceVersion "1"]
[SourceVersionDate "2024.10.14"]
[SourceQuality "1"]

1. e4 e5 2. Nc3 Nf6 3. f4 d6 4. Nf3 Nc6 5. Bb5 Bd7 6. d3 exf4 7. Bxf4 Be7 8. 0-0 0-0 9. Qd2 Ne5 10. Nxe5 dxe5 11. Bxe5 Bxb5 12. Nxb5 Nxe4 13. Qf4 Nd6 14. Nxd6 Bxd6 15. Bxd6 Qxd6 16. Qxd6 cxd6 17. Rae1 Rfe8 18. Rxe8+ Rxe8 19. Kf2 Kf8 20. Re1 Rxe1 21. Kxe1 Ke7 22. Ke2 Ke6 23. Ke3 Ke5 24. b3 f5 25. c4 g5 26. d4+ Ke6 27. a3 d5 28. c5 f4+ 29. Kf3 Kf5 30. b4 h5 31. b5 g4+ 32. Kf2 Ke6 33. Ke2 Kd7 34. Kf2 1/2-1/2

[Event "GER-ch U25 op-C"]
[Site "Willingen"]
[Date "2024.05.21"]
[Round "4"]
[White "Polster, Martha"]
[Black "Classen, Miguel"]
[Result "1-0"]
[WhiteElo "1281"]
[BlackElo "1519"]
[PlyCount "45"]
[EventDate "2024.05.19"]
[EventType "swiss"]
[EventRounds "9"]
[EventCountry "GER"]
[SourceTitle "EXT 2025"]
[Source "ChessBase"]
[SourceDate "2024.10.14"]
[SourceVersion "1"]
[SourceVersionDate "2024.10.14"]
[SourceQuality "1"]

1. e4 e6 2. d4 d5 3. exd5 exd5 4. Bd3 Nf6 5. Nf3 Bg4 6. h3 Bh5 7. 0-0 Ne4 8. Re1 f5 9. c4 c6 10. Bf4 Be7 11. Qb3 Qc8 12. Nc3 Nxc3 13. bxc3 Bxf3 14. gxf3 Qd7 15. Bg5 Kf8 16. Rxe7 Qd6 17. Qxb7 Na6 18. Qxa8+ Nb8 19. Qb7 Qd8 20. Rf7+ Ke8 21. Bxd8 Kxd8 22. Qe7+ Kc8 23. Qc7# 1-0

[Event "EU Union-ch U12 20th"]
[Site "Mureck"]
[Date "2023.08.09"]
[Round "9"]
[White "Classen, Miguel"]
[Black "Arshinkova, Ralitsa"]
[Result "1-0"]
[WhiteElo "1135"]
[BlackElo "1221"]
[PlyCount "81"]
[EventDate "2023.08.02"]
[EventType "swiss"]
[EventRounds "9"]
[EventCountry "AUT"]
[SourceTitle "EXT 2024"]
[Source "ChessBase"]
[SourceDate "2023.10.10"]
[SourceVersion "1"]
[SourceVersionDate "2023.10.10"]
[SourceQuality "1"]

1. e4 e5 2. Nf3 Nc6 3. Bb5 d6 4. d4 exd4 5. Nxd4 Bd7 6. Nxc6 bxc6 7. Bc4 Be7 8. e5 Bf5 9. Qf3 Qd7 10. Bb5 d5 11. Bxc6 Qxc6 12. Qxf5 Bb4+ 13. Bd2 Ne7 14. Qd3 Bxd2+ 15. Nxd2 0-0 16. 0-0 Ng6 17. f4 Qb6+ 18. Kh1 Rad8 19. g3 c5 20. Nf3 Rfe8 21. b3 f6 22. exf6 Qxf6 23. Rae1 Re6 24. Rxe6 Qxe6 25. Re1 Qc6 26. Ng5 Rd6 27. Qf5 Rf6 28. Qd3 h6 29. Nf3 a5 30. Kg1 Re6 31. Rxe6 Qxe6 32. f5 Qe4 33. fxg6 Kf8 34. Qxe4 dxe4 35. Ne5 Ke8 36. Kf2 Ke7 37. Nc6+ Kd6 38. Nxa5 Kd5 39. Ke3 h5 40. Nc4 h4 41. gxh4 1-0

[Event "GER-ch U25-C"]
[Site "Willingen"]
[Date "2023.05.28"]
[Round "1"]
[White "Classen, Miguel"]
[Black "Reetz, Shaila"]
[Result "1-0"]
[WhiteElo "1200"]
[BlackElo "1003"]
[PlyCount "85"]
[EventDate "2023.05.27"]
[EventType "swiss"]
[EventRounds "9"]
[EventCountry "GER"]
[SourceTitle "CBM 214 Extra"]
[Source "ChessBase"]
[SourceDate "2023.07.31"]
[SourceVersion "1"]
[SourceVersionDate "2023.07.31"]
[SourceQuality "1"]

1. e4 e5 2. Nf3 Nc6 3. Bb5 d6 4. h3 d5 5. Nc3 dxe4 6. Nxe4 Bb4 7. Nxe5 Nh6 8. Nxc6 bxc6 9. Bxc6+ Bd7 10. Bxa8 Qxa8 11. Qe2 0-0 12. 0-0 Be7 13. d3 Nf5 14. Ng3 Nh4 15. f3 Bd6 16. Ne4 Be5 17. Nc5 Bg3 18. Nxd7 Rd8 19. Nc5 Re8 20. Be3 c6 21. Ne4 Bc7 22. Bf2 Qb8 23. Bxh4 Bb6+ 24. Bf2 Bd8 25. Rfe1 Bg5 26. Nf6+ gxf6 27. Qxe8+ Qxe8 28. Rxe8+ Kg7 29. Rc8 f5 30. Rxc6 a5 31. d4 Bf6 32. Rxf6 Kxf6 33. Re1 h5 34. d5 f4 35. d6 Kf5 36. d7 f6 37. d8Q h4 38. Qd5+ Kg6 39. Bxh4 Kg7 40. Bxf6+ Kxf6 41. Re6+ Kf7 42. Qd7+ Kf8 43. Re8# 1-0

[Event "GER-ch Youth-C"]
[Site "Willingen"]
[Date "2022.06.08"]
[Round "6"]
[White "Classen, Miguel"]
[Black "Hapke, Marvin"]
[Result "0-1"]
[WhiteElo "881"]
[BlackElo "1262"]
[PlyCount "42"]
[EventDate "2022.06.04"]
[EventType "swiss"]
[EventRounds "9"]
[EventCountry "GER"]
[SourceTitle "CBM 208 Extra"]
[Source "ChessBase"]
[SourceDate "2022.07.31"]
[SourceVersion "1"]
[SourceVersionDate "2022.07.31"]
[SourceQuality "1"]

1. e4 e5 2. Nf3 Nc6 3. Bb5 a6 4. Ba4 Nf6 5. 0-0 Nxe4 6. Re1 Nc5 7. Nxe5 Nxe5 8. Rxe5+ Be7 9. Bb3 Nxb3 10. axb3 0-0 11. Qh5 g6 12. Qf3 d6 13. Rd5 Bd7 14. Rd4 Re8 15. Na3 Bc6 16. Qd1 Bf6 17. Rg4 Qe7 18. h3 Qe1+ 19. Qxe1 Rxe1+ 20. Kh2 Be5+ 21. g3 Rh1# 0-1

[Event "GER-ch Youth-C"]
[Site "Willingen"]
[Date "2022.06.07"]
[Round "4"]
[White "Schilay, Vinzenz"]
[Black "Classen, Miguel"]
[Result "0-1"]
[WhiteElo "1003"]
[BlackElo "881"]
[PlyCount "66"]
[EventDate "2022.06.04"]
[EventType "swiss"]
[EventRounds "9"]
[EventCountry "GER"]
[SourceTitle "CBM 208 Extra"]
[Source "ChessBase"]
[SourceDate "2022.07.31"]
[SourceVersion "1"]
[SourceVersionDate "2022.07.31"]
[SourceQuality "1"]

1. e4 e6 2. d4 d5 3. exd5 exd5 4. Nf3 Nf6 5. c3 Bd6 6. Bg5 c6 7. Bd3 h6 8. Bh4 Bg4 9. Nbd2 Nbd7 10. Qe2+ Be7 11. 0-0-0 0-0 12. h3 Bxf3 13. gxf3 Re8 14. Rdg1 Qa5 15. Qe3 Bf8 16. Qf4 Kh8 17. Kc2 b5 18. Nb3 Qa4 19. Kd2 c5 20. Bc2 cxd4 21. Nc5 dxc3+ 22. Kxc3 Qxf4 23. Bxf6 Qxf6+ 24. Kd2 Qd4+ 25. Nd3 Nc5 26. Rg4 Qf6 27. Rf4 Qg5 28. h4 Qg2 29. Rd1 Nxd3 30. Kxd3 Qxf2 31. Rd2 Re3+ 32. Kd4 Qxd2+ 33. Bd3 Qxd3# 0-1

[Event "GER-ch Youth-C"]
[Site "Willingen"]
[Date "2022.06.05"]
[Round "1"]
[White "Classen, Miguel"]
[Black "Hess, Maxim"]
[Result "0-1"]
[WhiteElo "881"]
[BlackElo "1146"]
[PlyCount "64"]
[EventDate "2022.06.04"]
[EventType "swiss"]
[EventRounds "9"]
[EventCountry "GER"]
[SourceTitle "CBM 208 Extra"]
[Source "ChessBase"]
[SourceDate "2022.07.31"]
[SourceVersion "1"]
[SourceVersionDate "2022.07.31"]
[SourceQuality "1"]

1. e4 c5 2. Nf3 e6 3. d4 cxd4 4. Nxd4 a6 5. Nc3 Qc7 6. Be3 Nc6 7. Qd2 Nf6 8. 0-0-0 Bb4 9. a3 Nxe4 10. Qe1 Nxc3 11. bxc3 Bxa3+ 12. Kd2 Nxd4 13. Bxd4 0-0 14. Bd3 d5 15. g4 f6 16. Qe3 b5 17. Rhg1 Bd6 18. g5 Bf4 19. gxf6 Bxe3+ 20. Kxe3 Rf7 21. Rg5 h6 22. Rxg7+ Rxg7 23. fxg7 e5 24. Rg1 exd4+ 25. cxd4 Qf7 26. Rg3 Bf5 27. Bxf5 Qxf5 28. Rf3 Re8+ 29. Kd2 Qxf3 30. c4 b4 31. c5 Qc3+ 32. Kd1 Re1# 0-1